Význam audítorskej dokumentácie v kontexte ISA 230
Audítorská dokumentácia - záznam o zrealizovaných audítorských postupoch, o získaných relevantných audítorských dôkazoch a o záveroch, ku ktorým audítor dospel. Vzhľadom na skutočnosť, že audítorská profesia je profesia pôsobiaca vo verejnom záujme a audítor je zodpovedný za vyjadrenie názoru na účt...
Gespeichert in:
| 1. Verfasser: | |
|---|---|
| Weitere Verfasser: | |
| Format: | Buchkapitel |
| Sprache: | Slowakisch |
| Schlagworte: | |
| Tags: |
Keine Tags, Fügen Sie das erste Tag hinzu!
|
MARC
| LEADER | 00000nla$a2200000$$$4500 | ||
|---|---|---|---|
| 001 | 0088319 | ||
| 005 | 20240502072005.3 | ||
| 041 | 0 | |a slo | |
| 044 | |a SK | ||
| 245 | 1 | 0 | |a Význam audítorskej dokumentácie v kontexte ISA 230 |c Petra Krišková, Jozef Škultéty |
| 520 | |a Audítorská dokumentácia - záznam o zrealizovaných audítorských postupoch, o získaných relevantných audítorských dôkazoch a o záveroch, ku ktorým audítor dospel. Vzhľadom na skutočnosť, že audítorská profesia je profesia pôsobiaca vo verejnom záujme a audítor je zodpovedný za vyjadrenie názoru na účtovnú závierku, má audítorská dokumentácia obrovský význam. Audítor je povinný uchovávať audítorskú dokumentáciu po dobu 10 rokov odo dňa skončenia auditu. | ||
| 610 | 2 | 0 | |a audítorstvo |
| 610 | 2 | 0 | |a audítori |
| 610 | 2 | 0 | |a dokumentácia |
| 610 | 2 | 0 | |a štandardy audítorské medzinárodné |
| 100 | 1 | |a Krišková, Petra, 1981- | |
| 700 | 1 | |a Škultéty, Jozef | |